logo

Bir Sreshtho Munshi Abdur Rouf Library
Jhenaidah Cadet College

Four to fourteen; (Record no. 8488)

MARC details
000 -LEADER
fixed length control field 00841nam a2200277 a 4500
001 - CONTROL NUMBER
JCCL Control Number 8488
003 - CONTROL NUMBER IDENTIFIER
JCCL marc code BD-JhCC
005 - DATE AND TIME OF LATEST TRANSACTION
control field 20180225175112.0
008 - FIXED-LENGTH DATA ELEMENTS--GENERAL INFORMATION
fixed length control field 180225s1956 enka 001 0 eng d
035 ## - SYSTEM CONTROL NUMBER
system control number ocm00716463
035 ## - SYSTEM CONTROL NUMBER
system control number (BD-JhCC)8488
035 ## - SYSTEM CONTROL NUMBER
system control number 160308
040 ## - CATALOGING SOURCE
Original cataloging agency HEI
Transcribing agency HEI
Modifying agency UKM
-- CUD
041 ## - LANGUAGE CODE
Language code of Book eng
082 ## - DEWEY DECIMAL CLASSIFICATION NUMBER
Classification number 028.5
Author mark and Year LIN 1956
090 ## - LOCALLY ASSIGNED LC-TYPE CALL NUMBER (OCLC); LOCAL CALL NUMBER (OCLC)
Classification number (OCLC) (R) ; Classification number, CALL (RLIN) (NR) Z1037
Local cutter number (OCLC) ; Book number/undivided call number, CALL (RLIN) .L717 1956
100 1# - MAIN ENTRY--PERSONAL NAME
Personal name Lines, Kathleen.
245 10 - TITLE STATEMENT
Title Four to fourteen;
Remainder of title a library of books for children.
Statement of responsibility, etc Compiled by Kathleen M. Lines. Introd. by Walter de la Mare.
250 ## - EDITION STATEMENT
Edition statement 2d ed.
260 ## - PUBLICATION, DISTRIBUTION, ETC. (IMPRINT)
Place of publication, distribution, etc Cambridge [Eng.]
Name of publisher, distributor, etc Published for the National Book League at the University Press,
Date of publication, distribution, etc 1956.
300 ## - PHYSICAL DESCRIPTION
Pagination xii, 351 p.
Other physical details illus.
Dimensions 19 cm.
504 ## - BIBLIOGRAPHY, ETC. NOTE
Bibliography, etc Includes Index
650 #0 - SUBJECT ADDED ENTRY--TOPICAL TERM
Topical term or geographic name as entry element Children's literature
General subdivision Bibliography.
942 ## - ADDED ENTRY ELEMENTS (KOHA)
Source of classification or shelving scheme Dewey Decimal Classification
Koha item type Books
Holdings
Source of classification or shelving scheme Damaged status Not for loan Home library Current library Shelving location Date of accession Total Checkouts Full call number Barcode Date last seen Copy number Koha item type
Dewey Decimal Classification     JCC Rouf Library JCC Rouf Library General Stacks 02/25/2018   028.5 LIN 1956 10982 02/25/2018 C-1 Books

JCC Library | Contacts | JCC Home

Last Update on 23 September 2017
Copyright @ 2017-2020 JCC Rouf Library
Rouf Library, Jhenidah Cadet College (JCC), Bangladesh